[Event "Belgrade Spring IM-I 2021"]
[Site "Belgrade"]
[Date "2021.04.17"]
[Round "2.9"]
[White "Zegarac, Vuk"]
[Black "Milanovic, Slavisa"]
[Result "0-1"]
[WhiteElo "2376"]
[BlackElo "2301"]
[Annotator "TA"]
[PlyCount "166"]
[EventDate "2021.04.16"]
[EventType "tourn"]
[EventCountry "SRB"]
[SourceTitle "playchess.com"]
[Source "ChessBase"]
[SourceQuality "1"]

{[%evp 21,166,28,42,34,43,42,61,66,72,71,56,58,87,84,93,94,104,100,102,100,91,109,116,116,119,119,114,121,116,128,158,153,208,181,177,170,168,168,185,127,174,94,94,75,100,31,118,94,154,150,981,0,0,0,15,15,15,-57,-57,-97,-133,-163,-156,-185,-171,-178,-184,-214,-200,-175,-160,-389,-399,-540,-538,-509,-456,-427,-337,-534,-527,-553,-553,-542,-535,-535,-527,-527,-527,-527,-452,-452,-452,-527,-452,-452,-452,-638,-426,-638,-638,-638,-638,-646,-638,-29950,-29948,-29954,-638,-638,-638,-29954,-646,-29957,-29952,-29966,-29967,-29966,-29966,-29959,-29963,-29957,-29945,-29958,-29956,-29958,-29961,-29959,-6047,-29974,-29975,-29975,-29976,-29976,-29976,-29983,-29977,-29977,-29978,-29986,-29987,-29987,-29984,-29984,-29985,-29990,-29991]} 1. d4 e6 2. c4 Nf6 3. Nf3 Bb4+ 4. Nbd2 b6 5. a3 Bxd2+ 6. Qxd2 Bb7 7. e3 O-O 8. Be2 d6 9. O-O Nbd7 10. b4 a5 11. Bb2 Qe7 12. Qc2 {E14: Queen's Indian: Classical Variation (4 e3).} axb4 13. axb4 Rxa1 14. Rxa1 {White is slightly better.} Ra8 15. Rxa8+ Bxa8 16. Nd2 {[#]} e5 $146 ({Predecessor:} 16... Bb7 17. f3 c5 18. Qa4 Qd8 19. e4 Qa8 20. Qb3 h6 21. Kf2 Qa7 22. g3 e5 23. dxc5 dxc5 {1-0 (59) Salem,A (2672)-Noe,C (2534) Warsaw 2019}) 17. d5 Qe8 18. e4 Qb8 19. g3 c6 20. b5 c5 21. f4 Qe8 22. Bf3 Bb7 23. Nf1 g6 24. Ne3 h5 25. Nd1 Nh7 26. Nf2 f6 (26... h4 $16 27. Nd3 hxg3) 27. Qe2 h4 28. Bg4 hxg3 29. hxg3 Ndf8 30. Qf1 (30. f5 $18) 30... Bc8 31. Bxc8 ({White should try} 31. Bf3 $18) 31... Qxc8 $16 32. Qa1 Nd7 33. Qa7 (33. Qd1 $16) 33... Nhf8 ({Black should play} 33... f5 $14) 34. Ng4 exf4 (34... Qe8 $142) 35. gxf4 (35. Nxf6+ Nxf6 36. Bxf6 Nd7 $11) 35... f5 (35... Nh7 $16 36. Kf2 Qe8) 36. exf5 $2 (36. Nh6+ $1 $18 Kh7 37. Qa3 $1) 36... Qe8 $11 37. Qa3 {White wants to mate with Qc3.} Qe1+ 38. Kg2 Qe2+ 39. Nf2 (39. Kg3 $11 Qe1+ 40. Nf2) 39... Qxc4 $15 {[%mdl 64] Double Attack} 40. fxg6 Nxg6 41. Qe3 {And now Qe6+ would win.} ({Not} 41. Qa8+ $2 Kf7) 41... Qxd5+ ({Stronger than} 41... Nxf4+ 42. Kf3 $11) 42. Kg3 Kf8 $1 43. Ne4 Ne7 {Hoping for ...Nf5+.} 44. Kf2 Nf5 45. Qe2 Qb3 46. Qd2 (46. Bc3 $17 {only move.}) 46... d5 $19 47. Qc3 Qxc3 48. Nxc3 {[%mdl 4096] Endgame KBN-KNN} Ne7 49. Na4 Kf7 50. Ba3 (50. Ke2 $142) 50... Ke6 51. Nxb6 Nxb6 52. Bxc5 Nc4 53. Ke2 Ng6 54. b6 Na5 55. Ke3 Nb7 56. Bb4 Nh4 57. Bc3 Nd6 58. Kd4 {intending Kc5.} Ne4 59. Bb4 (59. Kd3 $142 Kd7 60. Ba1) 59... Nf5+ 60. Kd3 {b7 is the strong threat.} Kd7 61. b7 Kc7 62. Ba5+ Kxb7 63. Bb4 Kc6 64. Ba3 Kb5 (64... Nc5+ $142 65. Kc3 Kb5 66. Kd2 Kc4 67. Bb2 Ne4+ 68. Ke2 Nc3+ 69. Kf3 d4 70. Ba3 Kb3 71. Bc1 Kc2 72. Ba3 d3 73. Kg4 Ne3+ 74. Kh4 d2 75. Bc5 d1=Q $1 76. Bxe3 Qe1+ {[%mdl 64] Double Attack} 77. Kh5 Qxe3 78. Kg5 Qe7+ 79. Kg6 Ne4 80. Kh6 Qf7 81. f5 Qf6+ 82. Kh7 Ng5+ 83. Kg8 Qf7+ 84. Kh8 Qh7#) 65. Bb2 Nc5+ 66. Kd2 Kc4 {Threatens to win with ...Ne4+.} 67. Bh8 Nd3 68. Bf6 Nxf4 69. Bh8 Ng6 70. Bf6 Nd6 71. Bg7 Ne7 72. Bh8 Nf7 73. Bf6 Nc6 74. Bb2 Nfe5 (74... Nd4 $142 75. Kd1 Ne5 76. Kd2 Nd3 77. Bc3 Nf2 78. Bb2 Ne4+ 79. Ke1 Nc3 80. Bc1 Nf3+ 81. Kf2 Ne5 82. Kf1 d4 83. Bf4 {[#]} d3 $1 84. Ke1 Nf3+ 85. Kf2 Nh4 86. Bh6 Kb3 87. Kg1 Kc2 88. Kh2 Nf3+ 89. Kg2 Ne5 90. Be3 Nd5 91. Bd4 Nf7 92. Kg3 d2 93. Kf3 Nd6 94. Kg3 d1=Q 95. Kh3 Ne4 96. Kh2 Qf3 97. Bh8 Qg3+ 98. Kh1 Nf2#) 75. Ke3 {[#]} Nd4 $1 {Black mates.} 76. Kd2 Nd3 77. Ba3 Nb3+ 78. Kc2 d4 79. Bf8 Nb4+ 80. Kd1 d3 81. Bh6 Nd5 82. Bg5 Kd4 83. Bh6 Ne3+ {What a bad dream for White.  Weighted Error Value: White=0.53/Black=0.17} 0-1

[Event "Belgrade Spring IM-I 2021"]
[Site "Belgrade"]
[Date "2021.04.17"]
[Round "2.10"]
[White "Hart, Alexander"]
[Black "Govedarica, Radovan"]
[Result "1/2-1/2"]
[WhiteElo "2016"]
[BlackElo "2300"]
[Annotator "TA"]
[PlyCount "159"]
[EventDate "2021.04.16"]
[EventType "tourn"]
[EventCountry "SRB"]
[SourceTitle "playchess.com"]
[Source "ChessBase"]
[SourceQuality "1"]

{[%evp 27,159,25,60,12,82,82,77,89,95,48,49,17,28,40,37,27,29,4,96,0,17,0,60,21,17,0,110,109,122,125,133,98,109,107,107,108,134,72,131,112,221,204,274,272,267,272,262,111,102,58,168,124,134,93,100,92,110,25,68,56,48,13,20,11,45,45,50,10,14,0,3,0,10,2,11,0,0,0,0,-3,0,0,0,0,0,-46,-13,-49,-51,-50,-51,-89,-42,-44,-20,-57,-47,-49,0,0,0,0,0,0,0,0,0,-8,-8,-368,-368,-353,-332,-730,-8,-8,-8,-8,0,0,0,0,0,-8,-8,-8,0,0,0,0,0,0,0,0]} 1. d4 Nf6 2. c4 e6 3. Nc3 Bb4 4. f3 d5 5. a3 Bxc3+ 6. bxc3 O-O 7. e3 b6 8. cxd5 exd5 9. Bd3 Ba6 10. Ne2 Re8 11. O-O c5 12. Ng3 Bxd3 13. Qxd3 Nc6 14. Bb2 Rc8 15. Rae1 {E49: Nimzo-Indian: Rubinstein: 5 Bd3 d5 6 a3 Bxc3+ 7 bxc3.} Rc7 (15... Nd7 $11) 16. e4 $1 $16 dxe4 17. fxe4 {White is better.} Ne5 18. Qd1 Rd7 $1 {[#]} 19. d5 $146 ({Predecessor:} 19. Nf5 Ng6 20. Qf3 Rf8 21. d5 c4 22. a4 Re8 23. Bc1 Ne5 24. Qg3 Nh5 25. Qh3 g6 26. Nh6+ Kh8 27. Be3 Ng7 28. Bd4 f6 29. Re2 Ree7 30. Rxf6 {1-0 (30) Henrichs,T (2491)-Van Riemsdijk,H (2376) Vlissingen 2006}) 19... c4 20. Bc1 $1 h6 $1 21. Be3 Nfg4 {Hoping for ...Qh4.} 22. Bf4 Nf6 (22... b5 $11) 23. Be3 (23. Nf5 $1 $16) 23... Nfg4 $11 {And now ...Qh4 would win.} 24. Bf4 Kh7 (24... Nf6 $11) 25. h3 Nf6 26. Be3 Ng8 (26... Nd3 $11 {keeps the balance.} 27. Bd4 Nxe1 28. Bxf6 gxf6 29. Rxe1 Re5) 27. Bd4 $1 $16 g6 28. Re2 Qg5 29. Nh1 Qe7 30. Ref2 f6 31. Ng3 Qd6 32. Qa4 (32. Ne2 $142 $1) 32... Ree7 (32... Rde7 $142) 33. Ne2 Rc7 (33... Nd3 $16 {was necessary.}) 34. Nf4 $18 Nd3 35. Nxd3 cxd3 36. Rf4 ({Don't play} 36. Bxf6 $6 Nxf6 37. Rxf6 Qc5+ 38. Kh1 b5 $16) 36... g5 37. Rf5 (37. Rxf6 $18 {is the precise move to win.} Nxf6 38. Rxf6) 37... Rxe4 $16 38. Qd1 Rxc3 39. Bxc3 Qc5+ {[%mdl 64] Double Attack} 40. Kh1 Qxc3 41. R5f3 Rd4 42. Qb1 ({White should play} 42. R1f2 $16) 42... Kg7 ({Much worse is} 42... Qxa3 $6 43. Rd1 $16) 43. Rd1 Qc2 44. Qxc2 (44. Rc1 {keeps more tension.} Qxb1 45. Rxb1 Kf7 46. Rd1 d2 47. Rf2) 44... dxc2 $14 {[%mdl 4096] Endgame KRR-KRN} 45. Rc1 Ne7 (45... Rd1+ {is more complex.} 46. Rf1 Rd2 47. d6 Kf7 48. Rfe1 h5) 46. Rxc2 Nxd5 47. g3 h5 48. Kh2 Kg6 49. Re2 h4 50. gxh4 Rxh4 51. Rg2 Ra4 52. Rg4 Nf4 53. Rgg3 Kh5 54. Rf2 f5 55. Rd2 Re4 56. Rf2 Kh4 57. Rc3 g4 58. hxg4 fxg4 59. Rfc2 b5 60. Rb3 a6 {[%cal Ba7a6,Ba6a5][%mdl 32]} 61. Rcb2 a5 62. Rc3 Ne2 (62... Re6 {feels hotter.} 63. Rbc2 Re1 64. Rd2 Re5 65. Rdc2 Re8) 63. Rc8 {Rh8+ is the strong threat.} Nd4 64. Rh8+ Kg5 65. Rg8+ Kf4 66. Kg2 Ke3 67. Rb1 Kd2 68. Kg3 $2 {[%mdl 8192] [#]} (68. Rc8 $1 $11) 68... Kc2 $1 $19 {[%cal Rc2b1]} 69. Rh1 Kb3 70. Rxg4 $2 {[#]} (70. Kf2 Kxa3 71. Ra1+ Kb4 72. Re1 g3+ 73. Rxg3 Rxe1 74. Kxe1) 70... Rxg4+ $2 (70... Ne2+ $1 $19 71. Kf3 Rxg4 72. Kxg4 Kxa3) 71. Kxg4 $11 {The position is equal.} Kxa3 $19 {White must now prevent ...a4. KR-KN} 72. Kf4 $1 a4 73. Ke3 Nb3 (73... Nc6 {seems wilder.} 74. Rc1 Nb8 75. Kd3 Na6 76. Rh1 Kb2) 74. Kd3 b4 75. Kc2 (75. Rg1 {with more complications.} Na5 76. Ra1+ Kb3 77. Rb1+ Ka3 78. Ra1+) 75... Nd4+ 76. Kb1 Kb3 77. Rh3+ Kc4 78. Kb2 Nb5 79. Rh4+ Kc5 80. Rh5+ {What a bad dream for Black.  Weighted Error Value: White=0.21/Black=0.27} 1/2-1/2

[Event "Belgrade Spring IM-I 2021"]
[Site "Belgrade"]
[Date "2021.04.18"]
[Round "3.7"]
[White "Milanovic, Slavisa"]
[Black "Hart, Alexander"]
[Result "1-0"]
[WhiteElo "2301"]
[BlackElo "2016"]
[Annotator "TA"]
[PlyCount "67"]
[EventDate "2021.04.16"]
[EventType "tourn"]
[EventCountry "SRB"]
[SourceTitle "playchess.com"]
[Source "ChessBase"]
[SourceQuality "1"]

{[%evp 12,67,33,25,42,29,55,39,56,38,60,50,72,41,74,6,44,4,54,18,20,10,34,11,51,20,18,21,17,8,6,16,20,24,18,0,77,87,78,85,116,66,84,83,120,105,521,509,628,530,549,541,685,668,616,531,1588,1573]} 1. d4 d5 2. c4 c6 3. Nc3 Nf6 4. e3 g6 5. Nf3 Bg7 6. Bd3 O-O 7. O-O a5 {[#] D94: Grünfeld: 4 Nf3 Bg7 5 e3.} 8. a3 $146 ({Predecessor:} 8. h3 Na6 9. cxd5 cxd5 10. Qb3 Nb4 11. Bb1 Nc6 12. Bd2 Re8 13. a3 e5 14. Ba2 exd4 15. exd4 {½-½ (63) Rustemov,A (2565)-Cuartas,J (2458) Barbera del Valles 2006}) 8... Na6 9. cxd5 cxd5 {White is slightly better.} 10. Ne5 Nb8 11. Bd2 Nc6 {Threatening ...Nxe5.} 12. f4 Bf5 13. Qe2 (13. Bxf5 $16 gxf5 14. Be1) 13... e6 14. Rfc1 Rc8 15. Nxc6 Rxc6 16. Bb5 Rc8 17. Na4 Rb8 18. b4 b6 19. bxa5 bxa5 20. Nc5 Ne4 21. a4 g5 22. Nxe4 Bxe4 23. fxg5 Qxg5 (23... e5 $11 {remains equal.}) 24. Bxa5 $16 e5 25. dxe5 Rbc8 26. Bd7 Rxc1+ 27. Rxc1 Bxg2 {[#] aiming for ...Bf3+.} 28. h4 $1 {[%cal Rh4g5]} Qg3 {[%mdl 8192] This move loses the game for Black.} (28... Qe7 $16 {is more resistant.}) 29. Qf2 $18 {White is clearly winning.} Qxf2+ 30. Kxf2 Be4 31. Bc7 Bh6 32. a5 Ra8 33. Rg1+ Kh8 34. e6 {Weighted Error Value: White=0.17/Black=0.53} 1-0

[Event "Belgrade Spring IM-I 2021"]
[Site "Belgrade"]
[Date "2021.04.18"]
[Round "3.8"]
[White "Krasteva, Beloslava"]
[Black "Zegarac, Vuk"]
[Result "0-1"]
[WhiteElo "2287"]
[BlackElo "2376"]
[Annotator "TA"]
[PlyCount "76"]
[EventDate "2021.04.16"]
[EventType "tourn"]
[EventCountry "SRB"]
[SourceTitle "playchess.com"]
[Source "ChessBase"]
[SourceQuality "1"]

{[%evp 18,76,17,23,18,21,15,21,69,67,71,75,65,58,68,48,97,46,70,73,66,48,115,0,14,0,0,0,0,0,234,224,185,0,0,0,141,0,0,-306,-260,-396,0,-862,-840,-839,-839,-839,-839,-839,-835,-827,-792,-786,-752,-29972,-29973,-29967,-29967,-5273,-5273]} 1. d4 Nf6 2. c4 c5 3. d5 g6 4. Nc3 Bg7 5. e4 d6 6. h3 O-O 7. Be3 e6 8. Bd3 exd5 9. exd5 Na6 10. Nf3 Nb4 {E90: King's Indian: Classical: Early deviations and 6 h3.} 11. Be2 Bf5 12. Rc1 Ne4 {...Nxc3 is the strong threat.The position is equal.} 13. g4 $1 {[%cal Rg4f5]} Nxc3 14. bxc3 Nxa2 {[%mdl 64] Double Attack} 15. gxf5 {Hoping for Rc2.} Nxc1 16. Qxc1 {[#]} a5 $146 ({Predecessor:} 16... Qf6 17. fxg6 Qxc3+ 18. Qxc3 Bxc3+ 19. Kd1 hxg6 20. Kc2 Bg7 21. Rb1 b6 22. h4 Rfe8 {1-0 (39) Amin,B (2704)-Fedorov,A (2566) Brest 2019}) 17. Bg5 (17. Qc2 $16) 17... Qd7 18. f6 Bh8 19. Qf4 Rfe8 (19... a4 $1 $14) 20. Kd2 ({Only move:} 20. Kf1 $1 $16) 20... a4 {next ...a3 is good for Black.} (20... Qa4 $5 {[%cal Ra4a2]} 21. Bd3 Qa2+ 22. Bc2 b5 $11) 21. Bd3 {Strongly threatening h4.} a3 22. Nh2 a2 23. Ra1 Qc7 $2 (23... Qxh3 $2 24. Ng4 $18) (23... h5 $11) 24. Ng4 $18 Qb6 {[#] And now ...Qb2+ would win.} 25. Kc2 (25. Bc2 $1 $18) 25... Ra3 $11 {( -> ...Qb3+)} 26. Qc1 Qb3+ 27. Kd2 b5 $1 $36 {[%cal Rb5b4][%mdl 2048] Black has the initiative.} 28. Nh6+ $2 {[%mdl 8192]} (28. cxb5 $11 {and White has nothing to worry.} c4 29. Be2 Qxb5 30. Nh6+ Kf8 31. Qxa3 {[%mdl 64] Double Attack} Qxd5+ {[%mdl 64] Double Attack} 32. Ke1 Qh1+ {[%mdl 64] Double Attack} 33. Kd2 Qd5+ {[%mdl 64] Double Attack} 34. Ke1 Qh1+ {[%mdl 64] Double Attack} 35. Kd2 Qd5+ {[%mdl 64] Double Attack}) 28... Kf8 $19 {Threatens to win with ...b4.} 29. Nf5 {[#]} (29. Qc2 $142 bxc4 30. Nf5 Bxf6 31. Bxf6 cxd3 {[%mdl 64] Discovered Attack} 32. Qxb3 Rxb3 33. Kxd3 gxf5 34. Rxa2) 29... bxc4 $2 ({Weaker is} 29... gxf5 30. Bh6+ Bg7 31. Bxg7+ (31. fxg7+ Kg8 $11) 31... Kg8 32. Bh6 $14) (29... b4 $1 $19 {[%cal Rb4c3]} 30. Qc2 (30. Bh6+ $2 Kg8 $19) 30... bxc3+ 31. Kd1 gxf5 32. Qxb3 Rxb3 33. Rxa2 Rb2 34. Rxb2 cxb2) 30. Bh6+ $2 {[%mdl 8192]} (30. Be2 $11) 30... Kg8 31. Ne7+ Rxe7 32. fxe7 Bxc3+ {[%mdl 64] Double Attack} 33. Ke2 cxd3+ {[%mdl 64] Discovered Attack} 34. Kf1 Ra8 35. Rxa2 Qxa2 36. e8=Q+ Rxe8 37. Qxc3 Qe2+ 38. Kg2 Qe4+ {Weighted Error Value: White=0.81/Black=0.51} 0-1

[Event "Belgrade Spring IM-I 2021"]
[Site "Belgrade"]
[Date "2021.04.18"]
[Round "3.9"]
[White "Savitha Shri B"]
[Black "Blagojevic, Tijana"]
[Result "1/2-1/2"]
[WhiteElo "2261"]
[BlackElo "2193"]
[Annotator "TA"]
[PlyCount "59"]
[EventDate "2021.04.16"]
[EventType "tourn"]
[EventCountry "SRB"]
[SourceTitle "playchess.com"]
[Source "ChessBase"]
[SourceQuality "1"]

{[%evp 12,59,11,26,35,23,34,20,26,26,46,20,45,20,23,14,7,3,4,6,8,18,26,31,42,37,38,41,36,23,30,37,40,37,43,40,38,28,64,40,59,6,18,0,41,-15,-1,0,0,0]} 1. e4 e5 2. Nf3 Nc6 3. Bb5 Nf6 4. O-O Nxe4 5. Re1 Nd6 6. Nxe5 Be7 7. Bf1 Nf5 {C67: Ruy Lopez: Berlin Defence: 4 0-0 Nxe4.} 8. Nf3 O-O 9. d4 d5 10. c3 Nd6 {10...Re8 gains popularity.} 11. Bd3 Bf5 12. Bxf5 Nxf5 {[#]} 13. Bf4 $146 ({Predecessor:} 13. Qd3 g6 14. Nbd2 Qd7 15. Nf1 Rfe8 16. Bf4 Bf6 17. h3 Bg7 18. N1h2 h5 19. Nf1 {½-½ (47) Imnadze,N (2082)-Olsarova,K (2224) Braila 2014}) 13... Bd6 14. Bg3 Bxg3 15. hxg3 Qd6 16. Qd3 Nfe7 17. Na3 {[%cal Bb1a3,Ba3c2,Bc2e3][%mdl 32]} Rfe8 18. Nc2 Ng6 19. Ne3 Nce7 20. Re2 c6 21. Rae1 Qd7 22. Ne5 Nxe5 23. dxe5 Rad8 24. f4 c5 25. Rd1 Qe6 26. f5 (26. Red2 $14) 26... Qb6 $11 27. Qc2 a6 28. g4 ({White should play} 28. f6 $14 gxf6 29. Ng4 fxe5 30. Rxe5) 28... c4 {With the idea ...Nc6.} 29. Kh1 Qh6+ 30. Kg1 {Weighted Error Value: White=0.13/Black=0.07} 1/2-1/2

[Event "Belgrade Spring IM-I 2021"]
[Site "Belgrade"]
[Date "2021.04.18"]
[Round "3.10"]
[White "Jovanovic, Sasa T"]
[Black "Ivanovic, Marko"]
[Result "0-1"]
[WhiteElo "2155"]
[BlackElo "2282"]
[Annotator "TA"]
[PlyCount "90"]
[EventDate "2021.04.16"]
[EventType "tourn"]
[EventCountry "SRB"]
[SourceTitle "playchess.com"]
[Source "ChessBase"]
[SourceQuality "1"]

{[%evp 16,90,22,15,44,39,42,33,43,37,38,23,50,0,20,27,45,45,58,2,4,0,20,0,13,0,105,81,66,61,85,0,0,-14,11,0,0,-1,123,-48,-30,-25,-6,-54,-54,-78,-46,-50,-45,-48,-48,-72,-8,-16,-15,-27,-27,-108,-110,-162,-210,-262,-262,-220,-221,-497,-465,-636,-630,-629,-628,-597,-566,-683,-683,-670,-668]} 1. Nf3 Nf6 2. g3 c5 3. c4 Nc6 4. Bg2 d6 5. O-O g6 6. d4 cxd4 7. Nxd4 Bd7 8. Nc3 Bg7 9. Nc2 Ng4 {A31: Symmetrical English: 2 Nf3 Nf6 3 d4.} 10. Bd2 h5 {[#]} 11. h4 $146 ({Predecessor:} 11. h3 Nge5 12. Ne3 g5 13. Ne4 Bh6 14. Nd5 f5 15. Nxg5 e6 16. h4 exd5 17. cxd5 {½-½ (70) Movsesian,S (2699)-Vitiugov,N (2691) St Petersburg 2012}) 11... O-O {White is slightly better.} 12. Rc1 Rc8 13. b3 Qa5 14. Na4 Qc7 15. Ne3 Qb8 16. Nc3 {[%cal Ba4c3,Bc3e4,Be4g5][%mdl 32]} Rfd8 17. Ned5 (17. Ncd5 $14) 17... e6 $11 18. Nf4 a6 19. Ne4 Be8 20. Bc3 Nge5 (20... Bxc3 $11 21. Rxc3 Nce5) 21. Ng5 b5 22. cxb5 axb5 23. e4 ({White should play} 23. Ngxe6 $16 fxe6 24. Nxe6) 23... b4 24. Ba1 Na7 25. Rxc8 Rxc8 26. Qd2 Rc6 (26... Bh6 $11) 27. Rc1 $2 {[#]} (27. Ngxe6 $16 fxe6 28. Nxe6) 27... Rxc1+ $15 28. Qxc1 Qb6 29. Bxe5 Bxe5 30. a4 Nc6 (30... bxa3 $5 31. Qxa3 Bd4 $17) 31. Bf1 Bd4 32. Qc2 Qc5 33. Qxc5 Bxc5 (33... dxc5 $17 34. Bb5 Kf8) 34. Bb5 $11 Kf8 {aiming for ...Na5.} 35. Bxc6 Bxc6 {[%mdl 4096] Endgame KBB-KNN} 36. Nd3 (36. Kg2 $11 {keeps the balance.}) 36... Ke7 $17 37. e5 (37. Nf4 $17 {is a better defense.}) 37... Bd5 $19 38. exd6+ Bxd6 39. Nc1 Be5 40. Nd3 $2 {[#]} (40. a5) 40... Bc3 {Black is clearly winning.} 41. a5 f6 42. Nh3 e5 43. a6 Bxb3 44. f3 Bd5 45. Nhf2 Bxf3 {Weighted Error Value: White=0.38/Black=0.20} 0-1

[Event "Belgrade Spring IM-I 2021"]
[Site "Belgrade"]
[Date "2021.04.18"]
[Round "4.1"]
[White "Djokic, Nenad"]
[Black "Ivanovic, Marko"]
[Result "0-1"]
[WhiteElo "2329"]
[BlackElo "2282"]
[Annotator "TA"]
[PlyCount "72"]
[EventDate "2021.04.16"]
[EventType "tourn"]
[EventCountry "SRB"]
[SourceTitle "playchess.com"]
[Source "ChessBase"]
[SourceQuality "1"]

{[%evp 16,72,0,0,0,0,0,0,0,0,0,0,0,0,6,0,7,0,16,0,8,13,43,0,14,-58,-62,-39,-44,-77,-79,-437,-449,-446,-445,-441,-422,-433,-448,-440,-439,-827,-814,-700,-241,-228,-232,-220,-197,-356,-335,-5397,-858,-29994,-29995,-29995,-29996,-29996,-672]} 1. d4 Nf6 2. Nf3 g6 3. c4 Bg7 4. Nc3 d5 5. cxd5 Nxd5 6. e4 Nxc3 7. bxc3 c5 8. Rb1 O-O 9. Be3 Bg4 {D85: Exchange Grünfeld: Unusual White 7th moves and lines with 7 Nf3.} 10. Qd2 cxd4 11. cxd4 Nc6 {The position is equal.} 12. d5 ({But not} 12. Rxb7 Bxf3 13. gxf3 Nxd4 $17) 12... Bxf3 13. gxf3 Ne5 14. Be2 Qd7 15. f4 Ng4 16. Bd4 {[#]} Nf6 $146 ({Predecessor:} 16... Bxd4 17. Qxd4 Rfc8 18. O-O Rc2 19. Qd1 Rxe2 20. Qxe2 Nf6 21. Rfc1 b6 22. Rc6 Qh3 {1-0 (61) Zsinka,L (2405)-Veroci,Z (2335) Copenhagen 1989}) 17. Bf3 Rfd8 18. O-O Qh3 19. Rb3 (19. Bg2 $5 {[%cal Rg2h3]} Qd7 20. Rb3 $14) 19... Bh6 20. Rd1 (20. Bg2 $11 Qg4 21. f3) 20... Qh4 $1 $15 21. Be3 Ng4 22. Rxb7 e5 23. fxe5 $2 {[%mdl 8192] White does not recover from this.} (23. Qe2 $17 Qxh2+ {[%mdl 64] Double Attack} 24. Kf1) 23... Qxh2+ $19 {[%mdl 64] [#] Double Attack} 24. Kf1 Bxe3 25. fxe3 Qh3+ {[%mdl 64] Double Attack} 26. Ke2 Nxe5 27. Rf1 Rac8 28. Rb4 (28. Rb3 $142 Rc4 29. Rc3) 28... Rc5 29. Qb2 {[#]} Nxf3 $2 (29... Rdc8 $1 {( -> ...Qh2+)} 30. Rb8 Nxf3 31. Rxf3 Qh2+ {[%mdl 64] Double Attack} 32. Kd3 Qxb8 33. Qxb8 Rxb8) 30. Rxf3 Qg2+ 31. Rf2 Qg4+ 32. Kd2 $2 (32. Kd3 {was the only chance.}) 32... Rdc8 {White must now prevent ...Qg3.} 33. Rd4 $2 (33. Rb8 Qxe4 34. Rxc8+ Rxc8 35. d6) 33... Rc1 (33... Qg1 $142 34. Ke2 Rc2+ {[%mdl 64] Double Attack} 35. Rd2 Rxb2 36. Rxb2 Qg4+ {[%mdl 64] Double Attack} 37. Kd3 f5) 34. Kd3 Qd1+ {Black mates.} 35. Rd2 Qf1+ 36. Re2 Rd1+ {Weighted Error Value: White=1.03/Black=0.40} 0-1

[Event "Belgrade Spring IM-I 2021"]
[Site "Belgrade"]
[Date "2021.04.18"]
[Round "4.2"]
[White "Blagojevic, Tijana"]
[Black "Jovanovic, Sasa T"]
[Result "1/2-1/2"]
[WhiteElo "2193"]
[BlackElo "2155"]
[Annotator "TA"]
[PlyCount "32"]
[EventDate "2021.04.16"]
[EventType "tourn"]
[EventCountry "SRB"]
[SourceTitle "playchess.com"]
[Source "ChessBase"]
[SourceQuality "1"]

{[%evp 11,32,20,27,26,27,27,35,33,33,21,28,20,61,19,38,14,9,10,22,0,0,0,41]} 1. e4 c5 2. Nf3 d6 3. Bb5+ Nc6 4. Bxc6+ bxc6 5. O-O e5 6. c3 Bg4 7. h3 {B51: Sicilian: Moscow Variation (3 Bb5+) without 3...Bd7.} Bxf3 8. Qxf3 Nf6 9. d3 {White is slightly better.} Be7 10. Nd2 {[%cal Bb1d2,Bd2c4,Bc4e3,Be3f5][%mdl 32]} O-O 11. Nc4 Ne8 12. Ne3 Bg5 13. Nf5 Bxc1 {The position is equal.} 14. Raxc1 g6 15. Qg3 Kh8 16. Ne3 {[#]} Nf6 $146 {Weighted Error Value: White=0.12/Black=0.08} ({Predecessor:} 16... Ng7 17. Qf3 Ne6 18. g3 Rb8 19. Rb1 Kg7 20. h4 h5 21. Rfd1 Rb7 22. Nc4 f6 {1-0 (57) Tallo Dominguez,I (1993)-Torner Planell,J (2134) Manresa 2007}) 1/2-1/2

[Event "Belgrade Spring IM-I 2021"]
[Site "Belgrade"]
[Date "2021.04.18"]
[Round "4.3"]
[White "Zegarac, Vuk"]
[Black "Savitha Shri B"]
[Result "1/2-1/2"]
[WhiteElo "2376"]
[BlackElo "2261"]
[Annotator "TA"]
[PlyCount "59"]
[EventDate "2021.04.16"]
[EventType "tourn"]
[EventCountry "SRB"]
[SourceTitle "playchess.com"]
[Source "ChessBase"]
[SourceQuality "1"]

{[%evp 13,59,39,30,33,41,37,53,45,42,16,23,0,1,-85,-22,-27,-29,-31,-25,-35,-25,-16,-4,-38,15,-23,47,48,48,-42,-21,-75,-69,-67,-11,-29,-16,-16,-16,-16,-16,-27,-25,-24,-22,-20,-7,-6]} 1. d4 {Knaak,R} Nf6 2. c4 g6 3. Nc3 Bg7 4. e4 d6 5. h3 O-O 6. Be3 e5 7. d5 Na6 8. g4 {E71: King's Indian: 4 e4 d6 5 h3.} Nc5 {[%cal Ba6c5,Bc5b7,Bb7d8,Bd8e6][%mdl 32]} 9. f3 a5 10. Qd2 {White is slightly better.} c6 11. dxc6 bxc6 12. O-O-O {Black must now prevent Bxc5.} Nb7 13. c5 {[#]} (13. h4 $11) 13... dxc5 $146 (13... d5 $1 $17 {[%cal Rd5d4] aiming for ...d4.} 14. exd5 Nxd5) ({Predecessor:} 13... d5 14. exd5 Nxd5 15. Bc4 Nxe3 16. Qxe3 Qe7 17. Na4 Be6 18. Bxe6 Qxe6 19. Kb1 Rad8 {0-1 (37) Gomez,M-Topalov,V (2460) Seville 1992 CBM 029 [Knaak,R]}) 14. Qxd8 Rxd8 15. Rxd8+ Nxd8 16. Bxc5 Ne6 17. Be3 Nd4 18. Rh2 (18. f4 $5 {[%cal Rf4e5]} Nd7 19. fxe5 Bxe5 20. Bxd4 Bxd4 21. Nf3 Bxc3 22. bxc3 $15) 18... Ne8 (18... a4 $15) 19. Rd2 Nc7 ({Black should play} 19... a4 $11) 20. f4 $14 c5 21. Kb1 (21. f5 $14) 21... Bb7 22. Bg2 (22. Bc4 $11 {keeps the balance.}) 22... Bh6 $36 {[%mdl 2048] Black has good play.} 23. g5 Bg7 (23... exf4 $15 24. Bxd4 cxd4 25. gxh6 dxc3 26. bxc3 Kf8) 24. fxe5 Bxe5 25. Nf3 Nxf3 26. Bxf3 Ne6 27. Na4 Bd4 28. Bxd4 cxd4 29. h4 Ra6 30. b3 {Weighted Error Value: White=0.26/Black=0.21} 1/2-1/2